00510nam a2200181 a 4500001001300000003000900013005001700022008004100039020000800080082001500088100003500103245002100138260006100159500003500220505001000255650002800265700003500293nice12345678IN_TiNIC20260116011525.0050524s1891 cala grp 000 0 eng  ac000a297.4bSAH aSaherwardi, Shaikh Shahabuddin aAwaarirul Maarif aCalcuttabGovernment of India, Central Printing Prc1891 aincludes index and biblioraphy2 aIndex aSufism-Terms-Commentary1 aSaherwardi, Shaikh Shahabuddin